Responses for show #6143 - Wednesday, May 4, 2011

2011 Teachers Tournament quarterfinal game 3.

Contestants

Elisabeth Raab, a high school English teacher from Philadelphia, Pennsylvania

Matt Polazzo, a high school U.S. government teacher from Brooklyn, New York

Lori Kissell, a high school Latin teacher from Fredericksburg, Virginia

Jeopardy! Round responses

AN APPLE FOR TEACHER
THE NEW YORK TIMES MOVIES
BILLIONS & BILLIONS
SHOW & TELL
JOB DESCRIPTION
"Y"s UP
    $200 6
pollination

Elisabeth
    $200 16
Up

Elisabeth
    $200 26
McDonald's

Elisabeth
    $200 1
(Paul) Gauguin

Elisabeth
    $200 21
a veterinarian

Lori
    $200 8
yap

Elisabeth
    $400 7
fiber

Matt
    $400 17
(Lori: What is Into the Wild?)

127 Hours

Lori
Triple Stumper
    $400 27
7 billion

Matt
    $400 2
(Alex: [*]. Caviar. Yes.)

sturgeon

Lori
    $400 22
a carhop

Lori
    $400 10
YouTube

Elisabeth
    $600 9
air

Matt
    $600 18
2001: A Space Odyssey

Triple Stumper
    $600 28
(John D.) Rockefeller

Matt
    $600 3
Wales

Lori
    $600 23
a greeter

Matt
    $600 11
a yearling

Matt
    $800 14
cider

Elisabeth
    $800 19
Hannibal Lecter

Elisabeth
    $800 29
light years

Matt
    $800 4
Afghan

Matt
    $800 24
a prophet

Lori
    $800 12
Yiddish

Elisabeth
    $1000 15
a crabapple

Elisabeth
    $1000 20
Fight Club

Lori
    $1000 30
bacteria

Elisabeth
    $1000 5
keystone

Elisabeth
    $1000 25
an EMT

Elisabeth
    $1,000 13
Yemen

Elisabeth

Scores at the first commercial break (after clue 15):

Lori Matt Elisabeth
$1,000 $2,400 $5,600

Scores at the end of the Jeopardy! Round:

Lori Matt Elisabeth
$3,000 $4,800 $8,800

Double Jeopardy! Round responses

THE EARLY 20th CENTURY
SCHOOL OF ROCK
SISTER CITIES
DO ASK
REED-ING
"RITE"-ING
    $400 3
greyhounds

Matt
    $400 13
(Lori: Uh, what is [*] 123?)
[Accepted as correct without comment]

"ABC"

Lori
    $400 30
Belfast

Elisabeth
    $400 1
The Grinch

Lori
    $400 8
a bird

Elisabeth
    $400 18
trite

Lori
    $800 4
Halley's Comet

Lori
    $800 14
(Elisabeth: Who is "Roxanne"?)

"Don't Stand So Close To Me"

MattElisabeth
    $800 29
Johannesburg

Elisabeth
    $800 2
the Sphinx

Matt
    $800 9
(Lori: What is Oliver Twist?)
...
(Alex: [*] was the musical, Oliver Twist the work.)

Oliver!

LoriMatt
    $800 19
a meteorite

Matt
    $1200 10
the Federal Reserve

Matt
    $1200 15
ABBA

Elisabeth
    $1200 27
San Francisco

Matt
    $1200 5
The Courtship of Miles Standish

Lori
    $1,500 23
(Alex: [*], yes. Ten Days that Shook the World.)

Moscow

Lori
    $1200 20
criteria

Lori
    $1600 11
(Alex: Big land rush for [*].)

Oklahoma

Triple Stumper
    $1600 16
"Rock 'n' Roll High School"

Elisabeth
    $1600 26
Guadalajara

Triple Stumper
    $2,500 6
(Alex: Let me count the ways.)

How do I love thee?

Lori
    $1600 24
Walter Reed

Lori
    $1600 21
pyrite

Lori
    $2000 12
(Margaret) Sanger

Matt
    $2000 17
(Matt: What's an abacus?)

a slide rule

LoriMatt
    $2000 28
Limoges

Matt
    $2000 7
Petrarch

Lori
    $2000 25
Speaker of the House

Matt
    $2000 22
a dendrite

Lori

Scores at the end of the Double Jeopardy! Round:

Lori Matt Elisabeth
$19,800 $14,800 $12,400

Final Jeopardy! Round responses

FAMOUS SPEECHES
ElisabethWhat was the Gettysburg Address
$4,000
MattWhat is the Gettysburg Address
$5,001
LoriWhat is the Gettysburgh Gettysburg address?
$9,900
the Gettysburg Address

Final scores:

Lori Matt Elisabeth
$29,700 $19,801 $16,400
Automatic semifinalist 2nd place: $5,000 if eliminated 3rd place: $5,000 if eliminated

Game dynamics:

Coryat scores:

Lori Matt Elisabeth
$18,600 $14,800 $12,400
19 R
(including 2 DDs),
2 W
18 R,
1 W
19 R
(including 1 DD),
1 W

Combined Coryat: $45,800

The J! Archive is created by fans, for fans. The Jeopardy! game show and all elements thereof, including but not limited to copyright and trademark thereto, are the property of Jeopardy Productions, Inc. and are protected under law. This website is not affiliated with, sponsored by, or operated by Jeopardy Productions, Inc. Join the discussion at JBoard.tv.